| 000 | 00506nam a22001937a 4500 | ||
|---|---|---|---|
| 003 | OSt | ||
| 005 | 20140311162958.0 | ||
| 008 | 130214t xxu||||| |||| 00| 0 eng d | ||
| 020 | _a9711106701 | ||
| 050 |
_aRS 57 _b.D612 1988 |
||
| 100 | _aDison, Norma | ||
| 245 |
_aSimplified drugs and solutions for nurses, including mathematics _cNorma Dison. |
||
| 260 |
_aSt. Louis : _bMosby, _c1988. |
||
| 300 |
_a161 p. : _c22 cm. |
||
| 521 | _aNUR | ||
| 562 | _e1 | ||
| 942 |
_2lcc _cBK _kFOR |
||
| 999 |
_c39105 _d39105 |
||